| 000 | 00557nam a22001937a 4500 | ||
|---|---|---|---|
| 005 | 20230202040224.0 | ||
| 008 | 230202b |||||||| |||| 00| 0 eng d | ||
| 020 | _a978-0-08-100599-6 | ||
| 082 | _a620.11 As823 2017 | ||
| 100 |
_aAshby, Michael F. _eauthor |
||
| 245 |
_aMaterials selection in mechanical design / _cMichael F. Ashby |
||
| 250 | _a5th ed. | ||
| 260 |
_aAmsterdam: _bButterworth-Heinemann, _cc2017 |
||
| 300 |
_axiii, 646p.: _bcol. ill. |
||
| 504 | _aIncludes index | ||
| 541 | _e5850 | ||
| 650 | _aMaterials | ||
| 650 | _aEngineering design | ||
| 999 |
_c865 _d865 |
||